000 00399nam a22001457a 4500
005 20170622141141.0
008 170622b xxu||||| |||| 00| 0 eng d
020 _a9781118784044
040 _cPK-LaUMT
082 _aR 302.230803
_bINT-
245 _aThe international encyclopedia of media effects/
_cPatrick Rossler (editor)
260 _aChennai:
_bWiley,
_c2017
300 _a430 p.
942 _cBK
999 _c94829
_d94829